00569 a2200169 450000100060000002000180000604000220002410000340004624000530008024500480013330000090018136200090019065000700019994200070026995201060027699900170038264191 a9788507011883 cAnchieta - Pituba aAcademia Brasileira de Letras10aDicionário escolar da língua portuguesalpor10aDicionário escolar da língua portuguesa a13120 a2008 4aObras enciclopédicas gerais de línguas espanhola e portuguesa cBK 00104070a91.1b91.1d2023-11-21l0o036 D546d DICp17863/PITr2023-11-21 18:32:36w2023-11-21yBK c64191d64191